000 00571nam a2200217Ia 4500
003 OSt
005 20221007082300.0
006 a|||||r|||| 00| 0
007 ta
008 221006b |||||||| |||| 00| 0 eng d
024 _a24,407
037 _cTextual
040 _aFLL
_cFLL
_beng
041 _2eng
_aeng
082 _aZ2,5112.N48t, L0
245 0 _aReport of commission of inquiryinto conspiracy to murder Mahatma Gandhi
260 _c1970
300 _aii,1-383p
_ccm.
942 _hZ2,5112.N48t, L0
_cTEXL
_2CC
999 _c1165911
_d1165911